000 00705cab a2200217 4500
001 WB3130-03
008 090401t1995 xxu||||| |||| 00| 0 eng d
035 _a(Sirsi) u45814
041 _aeng
245 _aCollapsed office block had been declared safe
260 _c1995
350 _a0
490 _aBuilding
_v260(7903) 4 August 1995, 8
490 _aNew Civil Engineer
_v10/17 August 1995, 3(2)
520 _aThe Surrey office block that collapsed, killing four workers, had been judged to be structurally sound at a site meeting the previous day.
650 _aCOLLAPSE
650 _aOFFICE BUILDING
690 _aBUILT ENVIRONMENT-BUILDING STANDARDS
942 _n0
948 _c04/03/1997
999 _c28986
_d28986